MDQL
is popping MORE tags! Check the
thread
!
Quizzes
Events
Quiz Creation
Community
Videos
Private Events
Remove Ads
Sign In
Join for FREE
Feedback
Dark Mode
Quiz Categories
Sports
Geography
Music
Movies
Television
Just For Fun
Miscellaneous
History
Literature
Language
Science
Gaming
Entertainment
Religion
Holiday
For Kids
Quiz Lab
Recent
Popular Today
Quiz Kudos Today
Editor Picks
Curator Picks
Quizzes by...
Day
Popularity
Type
Ratings
Length
Year
Community
Subscriptions
Recent Discussions
Orange Saloon
Badges
Playlists
Quests
Create
Leaderboards
Showdown
Live 5
Trivia Bingo
Activity
Puzzle Library
Sporcle Events
Private Events
Virtual Trivia
Globe League
Become a Host
Pub Owners
SporcleCon
Opinionation
Our Games
Videos
Blog
Mobile Apps
Partnerships
Remove Ads and Go Orange
Feedback
Entertainment
Celebrity
Famous
Musical
Broadway
Show
Quote
Comic Books
Anime
Superhero
DC Comics
Marvel
Cartoons
Animation
Entertainment
Celebrity
Famous
Musical
Broadway
Show
Quote
Comic Books
Anime
Superhero
DC Comics
Marvel
Cartoons
Animation
Random Quiz
Search Sporcle
×
Quiz Lab
Quiz Lab
Entertainment
Board Games
Type in answers that appear in a list
Type in answers that appear in a list
Classic
Best Score? Go Orange.
Toys for Keeps Stats
Can you name the 25 games/toys created at least 50 years ago (and still played with today)?
By
ginvin
9m
24 Questions
207 Plays
207 Plays
207 Plays
Comments
Comments
Give Quiz Kudos
Give Quiz Kudos
-
- Ratings
hide this ad
Random Order
Randomize order of answers
Randomize order of answers
Replay
Link that replays current quiz
Next Quiz
Link to next quiz in quiz playlist
You Got
0%
They Got
Avg Score
21%
Avg Friend Score
Upgrade to see
Score Distribution
Jump to the score distribution portion of the page
Score
0/24
Timer
09:00
0
Plays Today
% Correct
Monopoly
62.8%
Barbie
54.6%
Slinky
44%
LEGO
43%
Clue
33.3%
Yo-yo
33.3%
Scrabble
32.4%
Hula Hoop
31.9%
Lincoln Logs
28.5%
Candy Land
22.7%
Chutes and Ladders
21.3%
Sorry!
18.4%
% Correct
Play-Doh
16.9%
Frisbee
16.4%
Yahtzee
15.5%
Silly Putty
14%
Jack-in-the-Box
5.3%
Wiffle Ball
4.8%
Magic 8 Ball
4.3%
Ant Farm
2.9%
Wooly Willy
2.9%
Cootie
1.9%
Tinkertoy Set
1.4%
Labyrinth
1%
Quiz Playlist
Details
Report
Send in Message
Add To Playlist
Classic:
Type in answers that appear in a list
Random Order:
Randomize order of answers
Last Updated: Feb 16, 2017
Quiz Scoreboard
CHALLENGE
Sign Up to Join the Scoreboard
Show All
Scores
Hide
Comments
May contain spoilers
Recently Published
Holiday 10x10 Sorting Gallery
by lukepisani3
Holiday
15m
Two Season TV Shows II
by 123Four
Television
10m
Image Sorting: Flags VI
by Barbecue
Geography
2m
More to Explore
Quiz From the Vault
Featured Blog Post
14 Easter Pick-up Lines to Find Eggs With
hide this ad
You Might Also Like...
Tags
Board Games Quiz
Toys Quiz
Ago
least
Today
Today's Top Quizzes in Entertainment
Browse Entertainment
hide this ad
Today's Top Quizzes in Board Games
Browse Board Games
Top Contributed Quizzes in Entertainment
1
Movie-Themed Roller Coasters
2
Marvel Classic Character Map
3
Dragon Ball Z: Goku's Fights in Order
4
Marvel Characters Bunker
5
Sorting Pictures: Villains
6
Hamilton Logic Puzzle
7
Haikyuu Logic Quiz
8
Who stole Onew's chicken? (KPOP LOGIC QUIZ)
9
Celebrity Spelling Bee
10
Harry Styles-Are you no.1 fan
Explore More
Trending Topics
NBA
Kpop
Anime
Harry Potter
Disney
Marvel
Crossword
Country
Song
NFL
Soccer
Puzzle
WWE
The Office
Pokémon
hide this ad
More By:
ginvin
Quiz
Plays
Rating
Category
Featured
Created
Toys for Keeps
207
1.00
Entertainment
Dec 29, 2009
Go to Creator's Profile
Score Distribution
Quiz Creator Spotlight
ginvin
Follow
Send a Message
Quizzes Created
-
Created Quiz Play Count
-
More By This Creator
Popular Quizzes Today
1
Find the US States - No Outlines Minefield
2
Colored Red Africa Blitz
3
Find the 'City' Movie
4
The Countries of the World
5
Find the US States
6
5x2 Blitz: Bands
7
Find the Countries of Europe - No Outlines Minefield
8
US States
More Entertainment Quizzes
Wartime Novels Adapted to Film
Editor's Pick
Trending Quizzes
Colored Red Europe Blitz I
Colored Red Europe Blitz II
Colored Red Africa Blitz II
Colored Red Africa Blitz III
Colored Red Europe Blitz III
Recently Updated
Odd Team Out - Big 4 Players
pecheneg
Quick Pick: 20 Twenties
pecheneg
March Madness Men's Triple Doubles
pecheneg
How Do You Spell That?
pecheneg
Godzilla Movies
pecheneg
Grab Bag: 4-10 Letters
pecheneg
2024 March Madness Bracket
pecheneg
Famous TV Couples
Peacemaker
Champions League XIs: Real Madrid
pecheneg
Largest US Cities 1790-2010
pecheneg
Trending Topics
NBA
Disney
Anime
Crossword
Marvel
Harry Potter
Kpop
NFL
Puzzle
Pokémon
Song
WWE
Soccer
The Office
Country
Your Account Isn't Verified!
In order to create a playlist on Sporcle, you need to verify the email address you used during registration. Go to your
Sporcle Settings
to finish the process.
Report this User
Report this user for behavior that violates our
Community Guidelines
.
Details:
Send Report
Go to the Sporcle.com Mobile Site →
Comments